Arte Rama. Enciclopedia de las artes de todos los pueblos en todos los tiempos.

Salvato in:
Dettagli Bibliografici
Natura: Libro
Lingua:spagnolo
Pubblicazione: Buenos Aires, Argentina: Codex, 1964.
Soggetti:
Tags: Aggiungi Tag
Nessun Tag, puoi essere il primo ad aggiungerne!!

MARC

LEADER 00000nam a2200000 a 4500
001 UCX2488
003 CL-VaPUC
005 20220822114323.0
008 910603e19640000AG |||||||||||||||||spa|d
999 |c 223498  |d 223496 
040 |c Pontificia Universidad Católica de Valparaíso 
082 0 4 |a 703 ART 1964   |2 21 
245 1 0 |a Arte Rama.  |b Enciclopedia de las artes de todos los pueblos en todos los tiempos. 
260 |a Buenos Aires, Argentina:  |b Codex,  |c 1964. 
300 |a 12 Volúmenes.  
500 |a c.2 Volumen I: Donación Familia Prof. Alejandro Guzmán Brito. c.2 Volumen II: Donación Familia Prof. Alejandro Guzmán Brito. c.2 Volumen III: Donación Familia Prof. Alejandro Guzmán Brito. c.2 Volumen IV: Donación Familia Prof. Alejandro Guzmán Brito. c.2 Volumen V: Donación Familia Prof. Alejandro Guzmán Brito. c.2 Volumen VI: Donación Familia Prof. Alejandro Guzmán Brito. c.2 Volumen VII: Donación Familia Prof. Alejandro Guzmán Brito. c.2 Volumen VIII: Donación Familia Prof. Alejandro Guzmán Brito. c.1 Volumen IX: Donación Familia Prof. Alejandro Guzmán Brito. c.1 Volumen X: Donación Familia Prof. Alejandro Guzmán Brito. c.1 Volumen XI: Donación Familia Prof. Alejandro Guzmán Brito. c.1 Volumen XII: Donación Familia Prof. Alejandro Guzmán Brito. 
505 |a v.I: Desde los orígenes hasta el arte Egipcio. v.II: De Grecia a los bizantinos. v.III: El arte en el Extremo Oriente. v.IV: El arte desde el período carolingio hasta el gótico. v.V: El arte desde el gótico tardío hasta el Renacimiento. v.VI: El arte del siglo XVI. v.VII: El arte del siglo XVII. v.VIII: El arte del siglo XVIII. v.IX: El arte en América precolombina, en África y en Oceanía. v.X: El arte de los siglos XIX Y XX. 
583 |a last modification  |c 19910603 00:00:00  |k Rodrigo Vera 
650 0 |a Obras ilustradas  |9 265022 
650 0 |a Arte  |9 265238  |x Historia 
942 |c BK  |2 ddc  |n 0 
945 |d 19910603 00:00:00 
952 |0 0  |1 0  |4 0  |6 703_000000000000000_ART_1964  |7 0  |8 X  |9 219365  |a BIBHIS  |b BIBHIS  |d 2019-11-15  |h v.1  |i 2881063  |o 703 ART 1964  |p 2881063  |r 2024-01-30  |w 2019-11-15  |y BK_X  |k HIS 
952 |0 0  |1 0  |4 0  |6 703_000000000000000_ART_1964  |7 0  |8 X  |9 219366  |a BIBHIS  |b BIBHIS  |d 2019-11-15  |h v.2  |i 2881071  |o 703 ART 1964  |p 2881071  |r 2024-01-30  |w 2019-11-15  |y BK_X  |k HIS 
952 |0 0  |1 0  |4 0  |6 703_000000000000000_ART_1964  |7 0  |8 X  |9 219367  |a BIBHIS  |b BIBHIS  |d 2019-11-15  |h v.3  |i 288108K  |o 703 ART 1964  |p 288108K  |r 2024-01-30  |w 2019-11-15  |y BK_X  |k HIS 
952 |0 0  |1 0  |4 0  |6 703_000000000000000_ART_1964  |7 0  |8 X  |9 219368  |a BIBHIS  |b BIBHIS  |d 2019-11-15  |h v.4  |i 2881098  |o 703 ART 1964  |p 2881098  |r 2024-01-30  |w 2019-11-15  |y BK_X  |k HIS 
952 |0 0  |1 0  |4 0  |6 703_000000000000000_ART_1964  |7 0  |8 X  |9 219369  |a BIBHIS  |b BIBHIS  |d 2019-11-15  |h v.5  |i 2881101  |o 703 ART 1964  |p 2881101  |r 2024-01-30  |w 2019-11-15  |y BK_X  |k HIS 
952 |0 0  |1 0  |4 0  |6 703_000000000000000_ART_1964  |7 0  |8 X  |9 219370  |a BIBHIS  |b BIBHIS  |d 2019-11-15  |h v.6  |i 288111K  |o 703 ART 1964  |p 288111K  |r 2024-01-30  |w 2019-11-15  |y BK_X  |k HIS 
952 |0 0  |1 0  |4 0  |6 703_000000000000000_ART_1964  |7 0  |8 X  |9 219371  |a BIBHIS  |b BIBHIS  |d 2019-11-15  |h v.7  |i 2881128  |o 703 ART 1964  |p 2881128  |r 2024-01-30  |w 2019-11-15  |y BK_X  |k HIS 
952 |0 0  |1 0  |4 0  |6 703_000000000000000_ART_1964  |7 0  |8 X  |9 219372  |a BIBHIS  |b BIBHIS  |d 2019-11-15  |h v.8  |i 2881136  |o 703 ART 1964  |p 2881136  |r 2024-01-30  |w 2019-11-15  |y BK_X  |k HIS 
952 |0 0  |1 0  |2 ddc  |4 0  |6 703_000000000000000_ART_1964  |7 1  |8 C_AGB  |9 580716  |a BIBDER  |b BIBDER  |d 2022-01-20  |e Donación   |h v.XII  |i 564058K  |o 703 ART 1964  |p 564058K  |r 2023-01-25  |t 1  |w 2022-01-20  |y BK_US  |k AGB 
952 |0 0  |1 0  |2 ddc  |4 0  |6 703_000000000000000_ART_1964  |7 1  |8 C_AGB  |9 580717  |a BIBDER  |b BIBDER  |d 2022-01-20  |e Donación   |h v.XI  |i 5640598  |o 703 ART 1964  |p 5640598  |r 2023-01-25  |t 1  |w 2022-01-20  |y BK_US  |k AGB 
952 |0 0  |1 0  |2 ddc  |4 0  |6 703_000000000000000_ART_1964  |7 1  |8 C_AGB  |9 580718  |a BIBDER  |b BIBDER  |d 2022-01-20  |e Donación   |h v.X  |i 5640601  |o 703 ART 1964  |p 5640601  |r 2023-01-25  |t 1  |w 2022-01-20  |y BK_US  |k AGB 
952 |0 0  |1 0  |2 ddc  |4 0  |6 703_000000000000000_ART_1964  |7 1  |8 C_AGB  |9 580719  |a BIBDER  |b BIBDER  |d 2022-01-20  |e Donación   |h v. IX  |i 564061K  |o 703 ART 1964  |p 564061K  |r 2023-01-25  |t 1  |w 2022-01-20  |y BK_US  |k AGB 
952 |0 0  |1 0  |2 ddc  |4 0  |6 703_000000000000000_ART_1964  |7 1  |8 C_AGB  |9 580720  |a BIBDER  |b BIBDER  |d 2022-01-20  |e Donación   |h v.VIII  |i 5640628  |o 703 ART 1964  |p 5640628  |r 2023-01-25  |t 2  |w 2022-01-20  |y BK_US  |k AGB 
952 |0 0  |1 0  |2 ddc  |4 0  |6 703_000000000000000_ART_1964  |7 1  |8 C_AGB  |9 580721  |a BIBDER  |b BIBDER  |d 2022-01-20  |e Donación   |h v.VII  |i 5640636  |o 703 ART 1964  |p 5640636  |r 2023-01-25  |t 2  |w 2022-01-20  |y BK_US  |k AGB 
952 |0 0  |1 0  |2 ddc  |4 0  |6 703_000000000000000_ART_1964  |7 1  |8 C_AGB  |9 580722  |a BIBDER  |b BIBDER  |d 2022-01-20  |e Donación   |h v.VI  |i 5640644  |o 703 ART 1964  |p 5640644  |r 2023-01-25  |t 2  |w 2022-01-20  |y BK_US  |k AGB 
952 |0 0  |1 0  |2 ddc  |4 0  |6 703_000000000000000_ART_1964  |7 1  |8 C_AGB  |9 580723  |a BIBDER  |b BIBDER  |d 2022-01-20  |e Donación   |h v.V  |i 5640652  |o 703 ART 1964  |p 5640652  |r 2023-01-25  |t 2  |w 2022-01-20  |y BK_US  |k AGB 
952 |0 0  |1 0  |2 ddc  |4 0  |6 703_000000000000000_ART_1964  |7 1  |8 C_AGB  |9 580724  |a BIBDER  |b BIBDER  |d 2022-01-20  |e Donación   |h v.IV  |i 5640660  |o 703 ART 1964  |p 5640660  |r 2023-01-25  |t 2  |w 2022-01-20  |y BK_US  |k AGB 
952 |0 0  |1 0  |2 ddc  |4 0  |6 703_000000000000000_ART_1964  |7 1  |8 C_AGB  |9 580725  |a BIBDER  |b BIBDER  |d 2022-01-20  |e Donación   |h v.III  |i 5640679  |o 703 ART 1964  |p 5640679  |r 2023-01-25  |t 2  |w 2022-01-20  |y BK_US  |k AGB 
952 |0 0  |1 0  |2 ddc  |4 0  |6 703_000000000000000_ART_1964  |7 1  |8 C_AGB  |9 580726  |a BIBDER  |b BIBDER  |d 2022-01-20  |e Donación   |h v. II  |i 5640687   |o 703 ART 1964  |p 5640687  |r 2023-01-25  |t 2  |w 2022-01-20  |y BK_US  |k AGB 
952 |0 0  |1 0  |2 ddc  |4 0  |6 703_000000000000000_ART_1964  |7 1  |8 C_AGB  |9 580727  |a BIBDER  |b BIBDER  |d 2022-01-20  |e Donación   |h v.I  |i 5640695  |o 703 ART 1964  |p 5640695  |r 2023-01-25  |t 2  |w 2022-01-20  |y BK_US  |k AGB